Shock versus gradualism in models of rational expectations <the> case of trade liberalization
Enregistré dans:
| Auteur principal: | |
|---|---|
| Autres auteurs: | |
| Format: | Livre |
| Langue: | anglais |
| Publié: |
Washington
International Monetary Fund
1997
|
| Collection: | IMF working paper
WP/97/122 |
| Sujets: | |
| Tags: |
Pas de tags, Soyez le premier à ajouter un tag!
|
MARC
| LEADER | 00000nam a2200000 4500 | ||
|---|---|---|---|
| 001 | c100066 | ||
| 005 | 20221124074943.5 | ||
| 041 | 0 | |a eng | |
| 044 | |a US | ||
| 245 | 1 | 0 | |a Shock versus gradualism in models of rational expectations |b <the> case of trade liberalization |c Prepared by Leonardo Auernheimer and Susan Mary George |
| 264 | 1 | |a Washington |b International Monetary Fund |c 1997 | |
| 300 | |a 20 s. | ||
| 490 | 1 | |a IMF working paper |v WP/97/122 | |
| 830 | 0 | |a IMF working paper |v WP/97/122 | |
| 610 | 2 | 0 | |a politika obchodná |
| 610 | 2 | 0 | |a modely |
| 610 | 2 | 0 | |a liberalizácia |
| 610 | 2 | 0 | |a starostlivosť sociálna |
| 100 | 1 | |a Auernheimer, Leonardo | |
| 700 | 1 | |a George, Susan Mary | |